Alle Länder mit A - Statistiken

Allgemein
  • Dieses Quiz wurde 405 mal gespielt
  • Das Durchschnittsergebnis liegt bei 10 aus 13
Antwortstatistiken
Nr Antwort % Korrekt
10 Armenien
89%
3 Albanien
86%
11 Aserbaidschan
85%
5 Andorra
84%
13 Australien
84%
6 Angola
83%
9 Argentinien
80%
1 Afghanistan
77%
4 Algerien
77%
2 Ägypten
71%
12 Äthiopien
65%
8 Äquatorialguinea
50%
7 Antigua und Barbuda
45%
Keine übereinstimmenden Quizze gefunden
Verteilung der Resultate
Anzahl Personen mit jedem Resultat
Perzentil nach korrekt beantworteten Fragen
Ihre Resultats-Entwicklung
Sie haben dieses Quiz noch nicht gespielt